Un monde de migrants - 4ème - Statistiques

Statistiques générales
  • Ce quiz a été pris 113 fois
  • Le résultat moyen est 6 sur 10
Statistiques - réponses
Question Réponse % Correct
Laquelle de ces propositions n'est pas un motif de migration ? Pour chercher un endroit au soleil.
94%
Qu'est-ce qu'un migrant ? Personne qui se déplace vers un autre endroit pour s'y installer définitivement.
80%
D'où viennent les migrants ? De partout.
78%
Quel passage de la route vers l'Europe est le plus périlleux ? La Méditerranée.
68%
À quel groupe de pays appartient le Maroc ? Pays du Sud.
65%
Qu'est-ce qu'une enclave ? Un territoire complètement cerné / entouré par un autre.
59%
Quelle crise qui va s'accélérer de plus en plus engendre des migrations partout dans le monde ? La crise climatique.
55%
Dans quel sens les migrations se font-elles ? Dans tout les sens.
42%
À quel groupe de pays appartient l'Australie ? Pays du Nord.
41%
Laquelle de ces personnalitées n'est pas un migrant ? Jamel Debbouze.
25%
Aucun quiz correspondant
Distribution des résultats
% des personnes avec chaque résultat
Percentile par nombre de réponses
Votre historique - résultats
Vous n’avez pas pris ce quiz